00782nam a2200205 a 450000100100000000500170001000800410002702000150006804000250008308200150010810000380012324500610016126000430022230000280026550000480029350400320034150400730037395201130044699900170055900003685520200930075959.0120202s1996 mx a 000 0 spa d a9684442068 aDO-SdBNPbspacBNPHU axxxxbxxxx1 aFigueroa Bermúdez, Romeo96320910a¡Qué onda con la radio! /cRomeo Figueroa Bermúdez. aMéxico, :bLongmanbAlhambra,c1996. a517 p. :bil. ;c23 cm. aIncluye índice analítico y onomástico aBibliografía : p. 515-517 aIncluye referencias bibliográficas y notas al pie de las páginas 001050718MOaGRbGRcHDd2012-02-02iLF1l0oxxxx xxxxp36855-10r2020-06-25w2020-06-25y1ZNo se presta c36346d36346